000
00313nam a22001457a 4500
008
230831b ||||| |||| 00| 0 eng d
020
_a
9780465044269
041
_a
eng
080
_a
101
082
_a
101MAY
100
_a
40
101
_a
FILOZ
245
_a
WHAT EVOLUTION IS
_c
ERNST MAYR
942
_2
udc
_c
BK
999
_c
60214
_d
60214